| 000 | 00523nam a2200181Ia 4500 | ||
|---|---|---|---|
| 999 |
_c15160 _d15160 |
||
| 003 | OSt | ||
| 005 | 20201027112137.0 | ||
| 008 | 190216s9999||||xx |||||||||||||| ||und|| | ||
| 020 | _a9780670089635 | ||
| 040 | _coclc | ||
| 082 |
_a823.914 _bROY/M |
||
| 100 |
_aRoy, Arundhati _95298 |
||
| 245 | 4 |
_aThe Ministery Of Utmost Happiness / _cArundhati Roy |
|
| 260 |
_bPenguin Books, _c2017. _anew Delhi: |
||
| 300 | _a445p | ||
| 650 | _aEnglish Prose | ||
| 942 |
_cBK _2ddc _h823.914 _iROY/M _k823.914 _mROY/M |
||